Coatings Materials and Surface Coatings /

Saved in:
Bibliographic Details
Main Author: Tracton, Arthur A. (Author)
Format: Book
Language:English
Published: Boca Raton : CRC Press eBook Published 7 November 2006
Edition:1st Ed.
Subjects:
Tags: Add Tag
No Tags, Be the first to tag this record!

MARC

LEADER 00000nam a22000003a 4500
001 0108836
003 SK-STU
005 20240327142309.8
007 ta
008 221107s ----xo-----e------000-0-----d
020 |a 9780429144790 
035 |2 DOI  |a 10.1201/9781420044058 
040 |a STU  |b slo 
041 0 |a eng 
044 |a xxu 
100 1 |a Tracton, Arthur A.  |4 aut 
245 1 0 |a Coatings Materials and Surface Coatings /  |c aut. Arthur A. Tracton 
250 |a 1st Ed. 
260 |a Boca Raton :  |b CRC Press  |c eBook Published 7 November 2006 
300 |a 528 s. 
500 |a eBook 
650 0 7 |a Engineering & Technology 
650 0 7 |a Physical Sciences 
996 |c E*DigP-4  |l EE01  |s P  |a 0  |w 0108836_0001